000 00684nam a22002057a 4500
005 20251108173213.0
008 250721s2005 xx 000 0 ara d
082 1 4 _a659.14/ بهن
100 1 _aالبهنسي، سعد صديق
245 1 0 _aالدعايات التلفزيونية و التصميم الهندسي الرقمي /
264 1 _aعمان :
_bمكتبة المجتمع العربي للنشر و التوزيع،
_c2005.
300 _a543ص.
650 1 7 _aبرامج الحاسوب
650 1 7 _aالحواسيب
650 1 7 _aالتصاميم الهندسية
650 1 7 _aالدعاية
650 1 7 _aالتلفاز
942 _2ddc
_cBK
999 _c98457
_d98457